| 000 | 00620nam a22002057a 4500 | ||
|---|---|---|---|
| 005 | 20150416121459.0 | ||
| 010 | _aENG-112372 | ||
| 020 |
_a9788120350878 _c495.00 |
||
| 035 | _aEN-95904 | ||
| 037 | _bDBAD/PUB | ||
| 082 | _a515.352 | ||
| 100 | _aShah, Nita H. | ||
| 245 |
_aOrdinary and partial differential equations : _cby Nita H.Shah _btheory and applications / |
||
| 250 | _a2nd ed | ||
| 260 |
_aDelhi _bPHI Learning _c2015 |
||
| 270 |
_a111, Patparganj Industrial Estate, _bDelhi _e110092 |
||
| 300 |
_axiv,514p. _c24cm(pbk) |
||
| 500 | _aIncludes index | ||
| 942 |
_2ddc _cEN _mSHA _h515.352 |
||
| 999 |
_c92238 _d92238 |
||